000 00480nam a2200181Ia 4500
001 18130
005 20260306171608.0
008 260306s9999||||xx |||||||||||||| ||und||
041 _aESP
082 _a658.4012
_bD249A
100 _aDixit, Avinash K.
_eAUT
245 4 _aThe art of strategy:
_ba game theorist´s guide to success in business & life
260 _c2008
300 _a483 páginas :
_c24 cm.
650 _aGEN
654 _aCAN
942 _cLIB
_dJUS
_fJUS
_2ddc
_n
999 _c18130
_d18130